Duolingo Characters Multiple Choice - Statistics

General Stats
  • This quiz has been taken 71 times
    70 since last reset
  • The average score is 9 of 10
Answer Stats
Question Answer % Correct
Bea
98%
Eddy
95%
Falstaff
93%
Lin
93%
Junior
93%
Vikram
93%
Zari
93%
Lily
93%
Oscar
90%
Lucy
78%
No matching quizzes found
Score Distribution
Percent of People with Each Score
Percentile by Number Answered
Your Score History
You have not taken this quiz since the last reset